00809nam a2200193 i 450000100060000000300090000600500170001500700030003200800410003510000290007624501910010525000180029626000640031430000290037865000290040785200360043699900170047295201260048930699ES-MaACL20250801201856.0t|030127s1926 fr ||||1| fre d1 aBatiffol, Pierre.92642510aÉtudes d'histoire et de théologie positive. nPremière série, pLa discipline de l'Arcane, les origines de la pénitence, la hiérarchie primitive, l'agape / cPierre Batiffol. a8e édition. aParis : bLibrairie Victor Lecoffre : bJ. Gabalda, c1926. aXXVII, 368 p. ; c19 cm.07aTeología2embne917457 aES-MaACLjP-948-bis-1 bR.29680 c30699d30699 00104070aATENEOMbATENEOMcDEPO2d2008-01-17eSCl0oP-948-bis-1p1031704r2023-02-23 00:00:00w2023-02-23yMONOGRAFIA